[Event "Superettan(Kristallen-Manhem)"]
[Site "?"]
[Date "2017.10.22"]
[Round "3"]
[White "Lindh, Fredrik"]
[Black "Welin, Mats"]
[Result "1-0"]
[WhiteElo "2254"]
[BlackElo "2335"]
[PlyCount "77"]

1. e4 e5 2. Nf3 Nc6 3. Bb5 a6 4. Ba4 Nf6 5. O-O Be7 6. Re1 b5 7. Bb3 d6 8. c3
O-O 9. h3 Nb8 10. d4 Nbd7 11. c4 c6 12. Nc3 b4 13. Na4 c5 14. d5 Ne8 15. a3 a5
16. Bc2 g6 17. Bh6 Ng7 18. g4 Kh8 19. b3 Nf6 20. axb4 axb4 21. Nxc5 Rxa1 22.
Qxa1 Nxg4 23. hxg4 Bxg4 24. Nh2 Bh5 25. Nd3 Bg5 26. Bxg7+ Kxg7 27. Bd1 f5 28.
Bxh5 gxh5 29. c5 Bd2 30. Re2 Qh4 31. Kh1 fxe4 32. Rxd2 exd3 33. cxd6 Qf4 34.
Qd1 e4 35. d7 Qe5 36. f3 exf3 37. Nxf3 Qxd5 38. Rxd3 Qe4 39. Qg1+ 1-0

[Event "Superettan(Kristallen-Manhem)"]
[Site "?"]
[Date "2017.10.22"]
[Round "3"]
[White "Fendrich, David"]
[Black "Walinder, Lars"]
[Result "1-0"]
[WhiteElo "2207"]
[BlackElo "2202"]
[PlyCount "67"]

1. c4 e5 2. g3 Nf6 3. Bg2 d5 4. cxd5 Nxd5 5. Nf3 Nc6 6. O-O Nb6 7. d3 Be7 8. a3
Be6 9. Nbd2 O-O 10. b4 f6 11. Bb2 a6 12. Ne4 Qd7 13. Nc5 Bxc5 14. bxc5 Nd5 15.
Rb1 Rfd8 16. Re1 Rab8 17. Qa4 Nde7 18. Red1 Nf5 19. Ba1 Ba2 20. Rb2 Qf7 21. e3
Nfe7 22. Qc2 Be6 23. Rdb1 Na5 24. Qc3 Nec6 25. d4 Bg4 26. dxe5 Bxf3 27. Bxf3
Nxe5 28. Be4 Qc4 29. Rb4 Qe2 30. Rd4 Nac6 31. Qb3+ Kh8 32. Rxd8+ Rxd8 33. Bxe5
Nxe5 34. Qxb7 1-0

[Event "Superettan(Kristallen-Manhem)"]
[Site "?"]
[Date "2017.10.22"]
[Round "3"]
[White "Persson, Andreas"]
[Black "Al Hadarani, Hatim"]
[Result "1/2-1/2"]
[WhiteElo "2155"]
[BlackElo "2285"]
[PlyCount "131"]

1. d4 Nf6 2. Bf4 c5 3. e3 Qb6 4. Nc3 e6 5. a3 d5 6. Nb5 Na6 7. dxc5 Bxc5 8. b4
Be7 9. Nf3 O-O 10. Qd4 Qd8 11. h3 b6 12. Be2 Bb7 13. O-O Nb8 14. c4 Nc6 15. Qb2
a6 16. Nc3 dxc4 17. Bxc4 b5 18. Rfd1 Qb6 19. Be2 Rfd8 20. Nd2 Nd7 21. Nde4 Nde5
22. Rac1 Rxd1+ 23. Rxd1 Rd8 24. Qc2 Rxd1+ 25. Qxd1 Qd8 26. Qxd8+ Bxd8 27. Nc5
Bc8 28. a4 Ng6 29. axb5 axb5 30. Bd6 Be7 31. Nxb5 Nxb4 32. Bf3 Ba6 33. Nxa6
Nxa6 34. Bb7 Bxd6 35. Bxa6 Bb8 36. Bb7 Kf8 37. Kf1 Ke7 38. Be4 Nf8 39. Ke2 Nd7
40. h4 Be5 41. g3 f5 42. Bc2 h6 43. Kd2 g5 44. hxg5 hxg5 45. Ke2 g4 46. Kd2 Nc5
47. Na3 Kf6 48. Nc4 Ba1 49. Na5 Be5 50. Nc4 Bc7 51. Ke2 e5 52. Nd2 Ne6 53. Bb3
Ng5 54. Bd5 Nh3 55. Bb7 Ba5 56. Nc4 Bb4 57. Bc8 Bc5 58. Bd7 Ng5 59. Bc8 Nh7 60.
e4 fxe4 61. Bxg4 Ng5 62. Bc8 Nf3 63. Bb7 Ng1+ 64. Kf1 Nh3 65. Nd2 Nxf2 66.
Nxe4+ 1/2-1/2

[Event "Superettan(Kristallen-Manhem)"]
[Site "?"]
[Date "2017.10.22"]
[Round "3"]
[White "Storme, Isak"]
[Black "Hesselborn, Per Ove"]
[Result "1/2-1/2"]
[WhiteElo "2149"]
[BlackElo "2161"]
[PlyCount "118"]

1. e4 g6 2. d4 Bg7 3. Nf3 d6 4. Bc4 Nc6 5. O-O Nf6 6. Qe2 e5 7. dxe5 Nxe5 8.
Nxe5 dxe5 9. Nc3 O-O 10. Bg5 c6 11. Rad1 Qe7 12. Qe3 b5 13. Bb3 a5 14. a4 b4
15. Nb1 Be6 16. Bxe6 Qxe6 17. Nd2 h6 18. Bxf6 Qxf6 19. Nc4 Rfd8 20. Qb6 Rd4 21.
Rxd4 exd4 22. Nxa5 d3 23. cxd3 Qxb2 24. Nxc6 Rxa4 25. Ne7+ Kh7 26. Qb8 h5 27.
Qg8+ Kh6 28. Qxf7 Ra6 29. h3 b3 30. g4 Qe5 31. Nf5+ Kh7 32. Nxg7 Qxg7 33. Qxg7+
Kxg7 34. Rb1 Rb6 35. gxh5 gxh5 36. f4 b2 37. Kf2 h4 38. Ke3 Rg6 39. Rxb2 Rg3+
40. Kd4 Rxh3 41. Rg2+ Kf7 42. Rg5 Rf3 43. Rh5 Rxf4 44. Ke5 Rf3 45. d4 h3 46. d5
Kg6 47. Rh8 Kg5 48. Kd6 Rf6+ 49. Ke7 Rh6 50. Rg8+ Kf4 51. Rg1 Kxe4 52. d6 Kf3
53. Rf1+ Kg2 54. d7 Rh7+ 55. Rf7 Rxf7+ 56. Kxf7 h2 57. d8=Q h1=Q 58. Qa8+ Kg1
59. Qxh1+ Kxh1 1/2-1/2

[Event "Superettan(Kristallen-Manhem)"]
[Site "?"]
[Date "2017.10.22"]
[Round "3"]
[White "Gamback, Bjorn"]
[Black "Bengtsson, Jonas"]
[Result "1-0"]
[WhiteElo "2157"]
[BlackElo "2096"]
[PlyCount "81"]

1. Nf3 Nf6 2. c4 c5 3. b3 e6 4. Bb2 b6 5. e3 Bb7 6. Be2 Be7 7. O-O O-O 8. Qc2
d5 9. cxd5 Nxd5 10. a3 Nc6 11. Nc3 Nxc3 12. dxc3 Qc7 13. Bd3 h6 14. c4 Rfd8 15.
Rfd1 Rd7 16. Bh7+ Kh8 17. Rxd7 Qxd7 18. Rd1 Qc7 19. Be4 Rd8 20. Rxd8+ Bxd8 21.
Qd1 Be7 22. Bb1 Bd6 23. Qc2 f5 24. Qc3 Nd8 25. Ne5 Kg8 26. h3 Nc6 27. Nf3 Qf7
28. Qd2 Qc7 29. e4 Ne5 30. Nxe5 Bxe5 31. exf5 Bxb2 32. Qxb2 Qc6 33. f3 exf5 34.
Bxf5 Qd6 35. Qe2 Kf7 36. Kh1 Kf6 37. Bc2 Qe5 38. Qd1 Kg5 39. Qd8+ Qf6 40. Qd2+
Qf4 41. h4+ 1-0

[Event "Superettan(Kristallen-Manhem)"]
[Site "?"]
[Date "2017.10.22"]
[Round "3"]
[White "Outgajjouft, Said"]
[Black "Celander, Jesper"]
[Result "1/2-1/2"]
[WhiteElo "2026"]
[BlackElo "2089"]
[PlyCount "148"]

1. e4 Nc6 2. Nf3 e5 3. d4 exd4 4. Bc4 d6 5. Nxd4 Nf6 6. O-O Be7 7. Nc3 O-O 8.
Bf4 a6 9. a3 Bd7 10. Re1 Ne5 11. Ba2 Re8 12. Bg3 Bf8 13. Bh4 Ng6 14. Bg5 h6 15.
Bc1 Rc8 16. f3 b5 17. Be3 Ne5 18. Qd2 c5 19. Nde2 c4 20. Nf4 Rb8 21. Ncd5 Bc6
22. Rad1 Nfd7 23. Bf2 Nc5 24. b3 Ne6 25. Qc3 cxb3 26. cxb3 Bd7 27. Qd2 a5 28.
Kh1 b4 29. axb4 axb4 30. Nxe6 Bxe6 31. Nxb4 Qa5 32. Nd5 Qxd2 33. Rxd2 Rec8 34.
Red1 f5 35. exf5 Bxf5 36. b4 Kh8 37. Bg3 Nc4 38. Rd4 Nb2 39. Rg1 Rb5 40. Bb1
Be6 41. Nf4 Bf7 42. Ng6+ Bxg6 43. Bxg6 d5 44. Bf7 Bxb4 45. Rxd5 Rxd5 46. Bxd5
Be7 47. h4 Bf6 48. Rb1 Nd3 49. Be4 Rc1+ 50. Rxc1 Nxc1 51. Be1 Ne2 52. g3 Nc3
53. Bc6 Ne2 54. Kg2 Nd4 55. Bd7 Kg8 56. Ba4 Nf5 57. Bb4 Kh8 58. Be1 g5 59. hxg5
hxg5 60. Bd7 Ne7 61. Kf2 Kg7 62. Ke3 Be5 63. Ke4 Kf6 64. g4 Bb2 65. Ba5 Ba1 66.
Bd8 Bb2 67. Ba4 Bc3 68. Bb3 Bd2 69. Ba2 Bc1 70. Kd4 Bb2+ 71. Kc5 Ba3+ 72. Kb6
Ke5 73. Kc7 Kf4 74. Bxe7 Bxe7 1/2-1/2

[Event "Superettan(Kristallen-Manhem)"]
[Site "?"]
[Date "2017.10.22"]
[Round "3"]
[White "Naslund, Mikael"]
[Black "Andreasson, Vincent"]
[Result "1/2-1/2"]
[WhiteElo "2133"]
[BlackElo "2006"]
[PlyCount "107"]

1. d4 d5 2. c4 c6 3. Nf3 e6 4. Nc3 dxc4 5. a4 Bb4 6. e3 b5 7. Bd2 a5 8. axb5
Bxc3 9. Bxc3 cxb5 10. b3 Bb7 11. bxc4 b4 12. Bb2 Nf6 13. Bd3 O-O 14. O-O Nbd7
15. Qc2 Qc7 16. Rfc1 Bxf3 17. gxf3 e5 18. c5 exd4 19. Bxd4 Qc6 20. Qa4 Qxf3 21.
Bf1 Ng4 22. Rc2 Qf5 23. Bg2 Rab8 24. e4 Qe6 25. Qxa5 b3 26. Rd2 Nde5 27. Qa6
Qxa6 28. Rxa6 Nc4 29. Rd1 Rbd8 30. Bf3 Nge5 31. Bxe5 Nxe5 32. Be2 Rxd1+ 33.
Bxd1 b2 34. Rb6 Nd7 35. Rxb2 Nxc5 36. Bc2 g6 37. Kg2 Kg7 38. Kg3 Re8 39. f3 Re7
40. Rb6 Rc7 41. Bb3 Rb7 42. Rxb7 Nxb7 43. f4 Nc5 44. Bd5 Kf6 45. e5+ Ke7 46.
Kg4 f6 47. h4 fxe5 48. fxe5 Nd3 49. Kg5 Nxe5 50. Kh6 Kf6 51. Kxh7 Kf5 52. Kg7
Kg4 53. Be4 Kxh4 54. Bxg6 1/2-1/2

[Event "Superettan(Orgryte-Burgsvik)"]
[Site "?"]
[Date "2017.10.22"]
[Round "3"]
[White "Andersson, Tommy"]
[Black "Arnelind, Mikael"]
[Result "0-1"]
[WhiteElo "2404"]
[BlackElo "2221"]
[PlyCount "98"]

1. d4 Nf6 2. c4 e6 3. Nf3 b6 4. a3 Bb7 5. Nc3 d5 6. cxd5 Nxd5 7. e3 Be7 8. Bb5+
c6 9. Bd3 O-O 10. e4 Nxc3 11. bxc3 c5 12. O-O cxd4 13. cxd4 Nc6 14. Bb2 Rc8 15.
Qe2 Na5 16. Rad1 Bf6 17. h3 Rc7 18. Rfe1 Qa8 19. Bb1 Qc8 20. Nh2 Nc4 21. Bc1 g6
22. Ng4 Bg7 23. Qf3 f5 24. Nh6+ Kh8 25. Qg3 Na5 26. Bf4 Rc3 27. Qh4 fxe4 28.
Bxe4 Bxe4 29. Rxe4 Qd7 30. Rde1 Rc6 31. Ng4 Nc4 32. Ne5 Nxe5 33. Bxe5 Rf7 34.
Qg4 Rf5 35. Qe2 Bxe5 36. dxe5 Rc5 37. Rd1 Rd5 38. Rxd5 Qxd5 39. Qe3 Kg7 40. Kh2
Qb5 41. f4 Rf7 42. a4 Qc6 43. h4 h5 44. Rd4 Rd7 45. f5 exf5 46. e6 Qc7+ 47. Kh3
Re7 48. Rd3 Qc5 49. Qg5 f4 0-1

[Event "Superettan(Orgryte-Burgsvik)"]
[Site "?"]
[Date "2017.10.22"]
[Round "3"]
[White "Eksmyr, Johan"]
[Black "Linusson, Pelle"]
[Result "0-1"]
[WhiteElo "2210"]
[BlackElo "2238"]
[PlyCount "78"]

1. d4 Nf6 2. Nf3 g6 3. Bf4 d6 4. h3 Bg7 5. e3 O-O 6. Be2 Nbd7 7. a4 Qe8 8. a5
e5 9. Bh2 a6 10. O-O Ne4 11. c3 Kh8 12. Ra4 f5 13. Rc4 c6 14. Rb4 Qd8 15. Ra4
g5 16. Bd3 exd4 17. cxd4 d5 18. Nc3 Qe7 19. Ra3 g4 20. hxg4 fxg4 21. Bxe4 dxe4
22. Nd2 Nf6 23. Nc4 Be6 24. Bd6 Qe8 25. Bxf8 Bxf8 26. Ra4 Qh5 27. Ne2 Bxc4 28.
Rxc4 Qxa5 29. Qc2 Bd6 30. Nc3 Re8 31. Qb3 g3 32. Ne2 gxf2+ 33. Rxf2 Qe1+ 34.
Rf1 Qxe2 35. Rxf6 Rg8 36. Rf2 Qe1+ 37. Rf1 Rxg2+ 38. Kxg2 Qg3+ 39. Kh1 Qh2# 0-1

[Event "Superettan(Orgryte-Burgsvik)"]
[Site "?"]
[Date "2017.10.22"]
[Round "3"]
[White "Krupenski, Juri"]
[Black "Kumar, Rahul"]
[Result "1-0"]
[WhiteElo "2400"]
[BlackElo "2198"]
[PlyCount "95"]

1. d4 g6 2. g3 Bg7 3. Bg2 d6 4. Nf3 e6 5. c4 Ne7 6. Nc3 Nd7 7. O-O O-O 8. Qc2
a6 9. Rd1 Rb8 10. e4 b5 11. cxb5 axb5 12. Be3 b4 13. Ne2 Ba6 14. Nc1 d5 15.
exd5 Nxd5 16. Bg5 Qc8 17. Nb3 h6 18. Bd2 Bb5 19. Ne5 Nxe5 20. dxe5 Ba4 21. Rdc1
Rd8 22. Qe4 Bf8 23. Nc5 Be8 24. Qh4 Ne7 25. Ne4 Nf5 26. Qh3 Bg7 27. g4 Bxe5 28.
gxf5 exf5 29. Nc5 Rxd2 30. Qe3 Bxh2+ 31. Kxh2 Qd8 32. Kg1 Rb6 33. Nb7 Qd7 34.
Nc5 Qd8 35. Re1 Bc6 36. Bxc6 Rxc6 37. Nb3 Rxb2 38. Rad1 Rd6 39. Rxd6 cxd6 40.
Qxh6 Rxa2 41. Nd4 Qa8 42. Ne6 fxe6 43. Qxg6+ Kh8 44. Qh6+ Kg8 45. Qxe6+ Kh8 46.
Qh6+ Kg8 47. Qg6+ Kh8 48. Re8+ 1-0

[Event "Superettan(Orgryte-Burgsvik)"]
[Site "?"]
[Date "2017.10.22"]
[Round "3"]
[White "Hansson, Fredrik"]
[Black "Larsson, Victor"]
[Result "1-0"]
[WhiteElo "2150"]
[BlackElo "2178"]
[PlyCount "101"]

1. e4 c5 2. c3 d5 3. exd5 Qxd5 4. d4 Nf6 5. Nf3 Bg4 6. Be2 e6 7. h3 Bh5 8. O-O
Nc6 9. Be3 cxd4 10. cxd4 Bd6 11. Nc3 Qa5 12. Qb3 Qb4 13. Nb5 Bb8 14. Qxb4 Nxb4
15. Rfc1 O-O 16. Nc7 Bxc7 17. Rxc7 Rab8 18. Rc4 Nbd5 19. g4 Bg6 20. Ne5 Rfc8
21. Rac1 Rxc4 22. Rxc4 Nxe3 23. fxe3 Nd5 24. Kf2 Be4 25. Nd7 Re8 26. Nc5 f5 27.
Ra4 b6 28. Nd7 a5 29. Bc4 fxg4 30. hxg4 Re7 31. Bxd5 exd5 32. Nxb6 Rb7 33. Nc8
Rxb2+ 34. Kg3 g5 35. Rxa5 Rg2+ 36. Kh3 h5 37. gxh5 g4+ 38. Kh4 Bf3 39. Ne7+ Kf7
40. Nxd5 Rh2+ 41. Kg3 Rxh5 42. Ra7+ Kf8 43. Nf6 Rh3+ 44. Kf4 Rh4 45. Rh7 Rxh7
46. Nxh7+ Kg7 47. Ng5 Bd1 48. d5 Kg6 49. d6 Kf6 50. e4 Ba4 51. e5+ 1-0

[Event "Superettan(Orgryte-Burgsvik)"]
[Site "?"]
[Date "2017.10.22"]
[Round "3"]
[White "Vovk, Ilja"]
[Black "Fransson, Patrick"]
[Result "1/2-1/2"]
[WhiteElo "2290"]
[BlackElo "2132"]
[PlyCount "73"]

1. e4 c6 2. d4 d5 3. e5 c5 4. dxc5 Nc6 5. a3 e6 6. Nf3 Bxc5 7. b4 Bb6 8. Bb2
Nh6 9. Bd3 O-O 10. Qd2 Nf5 11. h4 h5 12. Bxf5 exf5 13. O-O f4 14. Qxf4 Bg4 15.
Nbd2 Ne7 16. Qg5 Rc8 17. c4 Rc6 18. Bd4 Rg6 19. Bxb6 axb6 20. Qf4 dxc4 21. Qxc4
Nf5 22. g3 Bxf3 23. Nxf3 Rg4 24. Qc3 Nxh4 25. Nxh4 Qxh4 26. Rfe1 Qh3 27. Qf3
Rg5 28. Qg2 Qe6 29. Re4 Rxe5 30. Rae1 Rxe4 31. Qxe4 Re8 32. Qxe6 Rxe6 33. Rd1
Kf8 34. Rd7 Re7 35. Rd8+ Re8 36. Rd7 Re7 37. Rd8+ 1/2-1/2

[Event "Superettan(Orgryte-Burgsvik)"]
[Site "?"]
[Date "2017.10.22"]
[Round "3"]
[White "Anderzen, Robert"]
[Black "Akerman, Axel"]
[Result "0-1"]
[WhiteElo "2120"]
[BlackElo "2133"]
[PlyCount "72"]

1. d4 d5 2. c4 e5 3. dxe5 d4 4. Nf3 Nc6 5. Nbd2 Nge7 6. Nb3 Nf5 7. a3 a5 8. Bf4
a4 9. Nbd2 h6 10. h3 g5 11. Bh2 Bg7 12. g4 Nfe7 13. Bg2 Ng6 14. O-O h5 15. Ne4
hxg4 16. hxg4 Ncxe5 17. Nexg5 Bxg4 18. Bg3 f6 19. Ne4 f5 20. Nxe5 Bxe5 21. f4
Bg7 22. Ng5 Qe7 23. Qd2 c6 24. Rae1 O-O-O 25. Qd3 Qd7 26. Bf3 Nh4 27. Bxh4 Rxh4
28. Kg2 Bf6 29. Rh1 Bxf3+ 30. Kxf3 Bxg5 31. fxg5 Re4 32. Kf2 Qg7 33. Reg1 Qe5
34. Kf1 Re3 35. Qd2 Qf4+ 36. Ke1 d3 0-1

[Event "Superettan(Orgryte-Burgsvik)"]
[Site "?"]
[Date "2017.10.22"]
[Round "3"]
[White "Nygren, Kim"]
[Black "Subramanian, Aditya"]
[Result "0-1"]
[WhiteElo "2154"]
[BlackElo "2100"]
[PlyCount "37"]

1. d4 Nf6 2. Nc3 d5 3. Bf4 a6 4. f3 c5 5. e4 cxd4 6. Qxd4 Nc6 7. Qa4 d4 8.
O-O-O Nd7 9. Nd5 e5 10. Bb5 axb5 11. Qxa8 exf4 12. Ne2 Bc5 13. b4 Ba7 14. a4
O-O 15. Nxd4 Bxd4 16. axb5 Nb6 17. Qa3 Nxd5 18. bxc6 Ne3 19. c3 0-1

[Event "Superettan(Orgryte-Burgsvik)"]
[Site "?"]
[Date "2017.10.22"]
[Round "3"]
[White "Grimsholm, Ola"]
[Black "Packalen, Marcus"]
[Result "1-0"]
[WhiteElo "2029"]
[BlackElo "2148"]
[PlyCount "107"]

1. e4 Nf6 2. e5 Nd5 3. d4 d6 4. c4 Nb6 5. Nf3 Bg4 6. exd6 cxd6 7. Be2 Nc6 8. b3
e5 9. O-O Bxf3 10. Bxf3 Nxd4 11. Bxb7 Rb8 12. Be4 Be7 13. Nc3 O-O 14. Nd5 Nxd5
15. Bxd5 Bf6 16. Bb2 Qb6 17. Qd3 Ne6 18. g3 a5 19. Bc3 a4 20. bxa4 e4 21. Qc2
Bxc3 22. Qxc3 Qb4 23. Qc2 Nc5 24. Rfb1 Qxa4 25. Bxe4 Rxb1+ 26. Rxb1 Qxc2 27.
Bxc2 Ra8 28. a4 Kf8 29. Ra1 Ke7 30. Kg2 h6 31. Kf3 Kd7 32. Ke3 Ra7 33. h4 Kc6
34. Kd4 Ne6+ 35. Kc3 Nc5 36. a5 Kc7 37. Re1 Kd8 38. Ra1 Kc7 39. g4 Ra8 40. f4
Re8 41. g5 hxg5 42. hxg5 Re3+ 43. Kd4 Re2 44. a6 Kb8 45. a7+ Ka8 46. Ba4 Rd2+
47. Ke3 Rb2 48. Bc6+ Nb7 49. f5 f6 50. gxf6 gxf6 51. Kf4 Rb4 52. Bd5 Rb2 53.
Kg4 Rg2+ 54. Bxg2 1-0

[Event "Superettan(Schack 08-Rockaden,Umea)"]
[Site "?"]
[Date "2017.10.22"]
[Round "3"]
[White "Lindgren, Fredrik"]
[Black "Laveryd, Peter"]
[Result "1-0"]
[WhiteElo "2244"]
[BlackElo "2363"]
[PlyCount "139"]

1. d4 Nf6 2. Nf3 c5 3. c3 e6 4. g3 Nc6 5. Bg2 d5 6. O-O Bd6 7. c4 dxc4 8. Qa4
O-O 9. dxc5 Bxc5 10. Qxc4 Qd5 11. Qh4 Be7 12. Nc3 Qf5 13. Qc4 Bd7 14. e4 Qa5
15. Qe2 e5 16. Bd2 Bg4 17. Nd5 Qd8 18. Nxe7+ Qxe7 19. Bc3 Nd4 20. Bxd4 exd4 21.
h3 Bxf3 22. Qxf3 Rfd8 23. Rad1 Qb4 24. Qe2 Nd7 25. Qd2 Qxd2 26. Rxd2 Ne5 27.
Rfd1 Nc6 28. e5 Nxe5 29. Rxd4 Re8 30. Rb4 Re7 31. Rxb7 Rxb7 32. Bxb7 Rb8 33. b3
g5 34. Be4 Kg7 35. Kg2 h5 36. Rd5 Re8 37. Rb5 Re7 38. Rb7 Rxb7 39. Bxb7 g4 40.
f4 gxf3+ 41. Bxf3 h4 42. Be4 Kf6 43. gxh4 Nd7 44. Kf3 Ke5 45. Ke3 f5 46. Bc6
Nc5 47. b4 f4+ 48. Kf3 Ne6 49. b5 a6 50. a4 Nd4+ 51. Kf2 axb5 52. Bxb5 Nb3 53.
Be8 Nc5 54. a5 Kf6 55. Kf3 Kf5 56. Bf7 Kf6 57. Bc4 Kf5 58. Bg8 Na6 59. Bh7+ Ke5
60. h5 Kf6 61. Kxf4 Kg7 62. Be4 Kh6 63. Bf3 Nc5 64. Ke5 Na6 65. Kd6 Kg5 66. Kc6
Nb8+ 67. Kb7 Nd7 68. Bc6 Nc5+ 69. Kb6 Nb3 70. a6 1-0

[Event "Superettan(Schack 08-Rockaden,Umea)"]
[Site "?"]
[Date "2017.10.22"]
[Round "3"]
[White "Renman, Nils-Gustaf"]
[Black "Wickstrom, Lucas"]
[Result "1-0"]
[WhiteElo "2353"]
[BlackElo "2372"]
[PlyCount "97"]

1. d4 Nf6 2. Nf3 e6 3. c4 c5 4. d5 exd5 5. cxd5 d6 6. Nc3 g6 7. e4 Bg7 8. Nd2
O-O 9. Be2 Re8 10. O-O Nbd7 11. Qc2 Ne5 12. Nb3 Nh5 13. Be3 a6 14. a4 Qh4 15.
Qd2 Ng4 16. Bxg4 Qxg4 17. f3 Qd7 18. a5 Qe7 19. Na4 Bd7 20. Nb6 Rad8 21. Rfe1
Bb5 22. g4 Nf6 23. Bg5 Qf8 24. Qf4 Nd7 25. Bxd8 Rxd8 26. Nxd7 Rxd7 27. Qd2 f5
28. exf5 gxf5 29. g5 Bc4 30. Nc1 Qf7 31. Rd1 Bd4+ 32. Kg2 Qh5 33. Ne2 Rg7 34.
Nxd4 Bxd5 35. Qf4 Rxg5+ 36. Kf2 cxd4 37. Rg1 Rg6 38. Rad1 Bxf3 39. Rxg6+ hxg6
40. Qxf3 Qxh2+ 41. Ke1 Qxb2 42. Qd5+ Kh7 43. Qxd4 Qa3 44. Kf2 Qxa5 45. Qxd6
Qa2+ 46. Qd2 Qc4 47. Qd7+ Kh8 48. Qe8+ Kg7 49. Qe7+ 1-0

[Event "Superettan(Schack 08-Rockaden,Umea)"]
[Site "?"]
[Date "2017.10.22"]
[Round "3"]
[White "Malmstig, Erik"]
[Black "Ingbrant, Johan"]
[Result "1/2-1/2"]
[WhiteElo "2290"]
[BlackElo "2364"]
[PlyCount "143"]

1. c4 c5 2. Nf3 Nf6 3. d4 cxd4 4. Nxd4 e5 5. Nb5 d5 6. cxd5 Bc5 7. e3 O-O 8.
N5c3 e4 9. Bc4 Qe7 10. Nd2 Rd8 11. Qc2 Bf5 12. Nb3 Bb6 13. Bd2 Na6 14. Nd4 Bxd4
15. exd4 Nb4 16. Qb3 e3 17. Bxe3 Nc2+ 18. Kd2 Nxa1 19. Rxa1 Rac8 20. Rc1 Qc7
21. Nb5 Qxh2 22. Nxa7 Ne4+ 23. Ke1 Rc7 24. Nb5 Re7 25. Qa3 Ree8 26. Bf1 Nd6 27.
Rc3 Nxb5 28. Bxb5 Bd7 29. Bf1 f5 30. g3 f4 31. gxf4 Qh1 32. Qb3 Bh3 33. d6+ Kh8
34. Qb5 Bxf1 35. Qxf1 Qd5 36. Qc4 Rxd6 37. Qxd5 Rxd5 38. Kf1 h5 39. a4 Kh7 40.
Rb3 Ra8 41. Rb4 Raa5 42. Rxb7 Rxa4 43. b4 Kg6 44. Kg2 Ra3 45. b5 Rb3 46. b6 Kf6
47. Rb8 g6 48. Kf3 Rxd4 49. Rf8+ Ke6 50. Rg8 Kf7 51. Rc8 Rd7 52. Rc6 Re7 53.
Kg2 Re6 54. Rc7+ Kf6 55. Rb7 Re7 56. Bd4+ Ke6 57. Rb8 Kd5 58. Rd8+ Ke4 59. Rd6
h4 60. Be3 h3+ 61. Kg3 h2 62. Rd4+ Kf5 63. Kxh2 Rxb6 64. Rd5+ Ke4 65. Rg5 Rbe6
66. Kg2 Rf7 67. Ra5 Rc7 68. Ra4+ Kd3 69. Kf3 Rc4 70. Ra3+ Rc3 71. Ra4 Rc4 72.
Ra3+ 1/2-1/2

[Event "Superettan(Schack 08-Rockaden,Umea)"]
[Site "?"]
[Date "2017.10.22"]
[Round "3"]
[White "Schutz, Ingemar"]
[Black "Lindgren, Mats"]
[Result "0-1"]
[WhiteElo "2189"]
[BlackElo "2212"]
[PlyCount "68"]

1. e4 e6 2. d4 d5 3. Nc3 Bb4 4. e5 c5 5. a3 Bxc3+ 6. bxc3 Ne7 7. Nf3 Bd7 8. a4
Qa5 9. Qd2 Nbc6 10. Be2 Rc8 11. O-O cxd4 12. Qg5 Nf5 13. g4 h6 14. Qh5 Nfe7 15.
cxd4 Qc3 16. Ra3 Nxd4 17. Nxd4 Qxd4 18. Be3 Qb2 19. Rb3 Qxc2 20. Bd1 Qc7 21.
Bxa7 Ng6 22. f4 O-O 23. Rb4 Qa5 24. Rxb7 Bc6 25. Rxf7 Rxf7 26. Qxg6 Qxa7+ 27.
Kg2 d4+ 28. Kh3 Bd5 29. f5 exf5 30. gxf5 Rc3+ 31. Kg4 Qe7 32. e6 Bxe6 33. Re1
Bxf5+ 34. Qxf5 Qxe1 0-1

[Event "Superettan(Schack 08-Rockaden,Umea)"]
[Site "?"]
[Date "2017.10.22"]
[Round "3"]
[White "Eriksson, Jorgen"]
[Black "Nyander, Joakim"]
[Result "1-0"]
[WhiteElo "2191"]
[BlackElo "2155"]
[PlyCount "93"]

1. d4 e6 2. Nf3 Nf6 3. g3 b6 4. Bg2 Bb7 5. O-O Be7 6. c4 d6 7. Nc3 O-O 8. Qc2
c5 9. d5 e5 10. e4 Ne8 11. Ne1 Nd7 12. Nd3 a6 13. a4 Rb8 14. Qe2 Bf6 15. Bh3
Nc7 16. Bd2 Re8 17. b4 cxb4 18. Nxb4 a5 19. Nc6 Bxc6 20. dxc6 Nc5 21. Nd5 Nb3
22. Be3 Nxd5 23. cxd5 Nxa1 24. Rxa1 Qc7 25. Rb1 Qa7 26. Qg4 Red8 27. Rb5 Qc7
28. Rb3 Rf8 29. Qd7 Bd8 30. Qxc7 Bxc7 31. Bf1 b5 32. axb5 Bb6 33. Bxb6 Rxb6 34.
Rc3 Rc8 35. c7 Rb7 36. b6 Rxb6 37. Bh3 Rxc7 38. Rxc7 Kf8 39. Ra7 Rb4 40. Rxa5
Rxe4 41. Ra8+ Ke7 42. Ra7+ Ke8 43. Bd7+ Kf8 44. Bc6 Rg4 45. Ra8+ Ke7 46. Re8+
Kf6 47. Rd8 1-0

[Event "Superettan(Schack 08-Rockaden,Umea)"]
[Site "?"]
[Date "2017.10.22"]
[Round "3"]
[White "Wikstrom, Per"]
[Black "Nygren, David"]
[Result "1-0"]
[WhiteElo "2195"]
[BlackElo "2221"]
[PlyCount "141"]

1. d4 Nf6 2. Bf4 c5 3. e3 cxd4 4. exd4 Qb6 5. Nc3 g6 6. Nf3 Bg7 7. Be2 d6 8.
O-O O-O 9. Rb1 Bg4 10. h3 Bxf3 11. Bxf3 Nbd7 12. Be3 a6 13. Nd5 Nxd5 14. Bxd5
Rac8 15. c3 e6 16. Bf3 d5 17. Bf4 h6 18. h4 Qd8 19. Bg3 h5 20. Bd6 Qxh4 21.
Bxf8 Bxf8 22. g3 Qd8 23. Qc1 Qf6 24. Kg2 Bd6 25. Qh6 Bf8 26. Qe3 Kg7 27. Rh1
Bd6 28. Rh3 Nf8 29. Rbh1 Nh7 30. Rh4 Rg8 31. b3 b5 32. a4 bxa4 33. bxa4 Ng5 34.
Rb1 Rc8 35. Rb3 Rc4 36. a5 Ra4 37. Rb6 Nxf3 38. Qxf3 Qxf3+ 39. Kxf3 Be7 40. Rh1
Rxa5 41. Rhb1 Bg5 42. Rc6 Ra3 43. Rb7 Bd2 44. Rbc7 Kf6 45. Ke2 Ra2 46. Kd1 h4
47. gxh4 Bf4 48. Rd7 Rxf2 49. Rxd5 Rd2+ 50. Ke1 Rh2 51. Ra5 Bg3+ 52. Kd1 Kg7
53. Raxa6 Rxh4 54. Ke2 g5 55. Ra7 Rh2+ 56. Kf3 Be1 57. c4 Rf2+ 58. Ke3 Rf6 59.
Ra2 g4 60. Rg2 g3 61. d5 Bf2+ 62. Ke4 Rh6 63. d6 Kf6 64. Rc8 Rh4+ 65. Kf3 Rd4
66. c5 e5 67. Re8 Rd3+ 68. Ke2 Rd5 69. Rxf2+ gxf2 70. Kxf2 Rxc5 71. d7 1-0

[Event "Superettan(Schack 08-Rockaden,Umea)"]
[Site "?"]
[Date "2017.10.22"]
[Round "3"]
[White "Larsson, Johan"]
[Black "Arvidsson, Tomas"]
[Result "1/2-1/2"]
[WhiteElo "2184"]
[BlackElo "2011"]
[PlyCount "124"]

1. d4 Nf6 2. c4 g6 3. Nc3 Bg7 4. e4 d6 5. f3 O-O 6. Be3 Nbd7 7. Qd2 e5 8. Nge2
c6 9. d5 c5 10. g4 a6 11. Ng3 Re8 12. Bh6 Nf8 13. h4 N6d7 14. O-O-O Bxh6 15.
Qxh6 Qf6 16. Bg2 Qf4+ 17. Qxf4 exf4 18. Nge2 Ne5 19. b3 Bxg4 20. Rhf1 Bd7 21.
Nxf4 b5 22. Nd3 Nxd3+ 23. Rxd3 b4 24. Ne2 a5 25. Kb2 a4 26. Nc1 axb3 27. axb3
Ra3 28. Re1 f5 29. e5 Rxe5 30. Rxe5 dxe5 31. Re3 Kg7 32. Rxe5 Kf6 33. f4 h6 34.
Nd3 g5 35. hxg5+ hxg5 36. fxg5+ Kxg5 37. Nxc5 Kf6 38. Re1 Ra8 39. Nd3 Ng6 40.
Nxb4 Ne5 41. Kc3 Rg8 42. Bh1 Rg3+ 43. Kb2 f4 44. c5 f3 45. c6 Bh3 46. Bxf3 Rxf3
47. d6 Be6 48. d7 Nxd7 49. cxd7 Bxd7 50. Nc2 Rf2 51. Kc3 Rf3+ 52. Kc4 Rf4+ 53.
Nd4 Rf2 54. b4 Rf4 55. Kc5 Rg4 56. Re3 Rg1 57. Kd6 Rd1 58. Rf3+ Kg5 59. Kc5
Rc1+ 60. Kb6 Rc4 61. Rd3 Rxb4+ 62. Kc5 Rb7 1/2-1/2

[Event "Superettan(Schack 08-Rockaden,Umea)"]
[Site "?"]
[Date "2017.10.22"]
[Round "3"]
[White "Ottenklev, Niclas"]
[Black "Mardell, Jimmy"]
[Result "0-1"]
[WhiteElo "2173"]
[BlackElo "2130"]
[PlyCount "128"]

1. e4 c5 2. Nf3 d6 3. d4 cxd4 4. Qxd4 Nc6 5. Bb5 Bd7 6. Bxc6 Bxc6 7. Nc3 Nf6 8.
Bg5 e6 9. O-O-O Be7 10. Qd3 Qa5 11. h4 O-O 12. Nd4 Rac8 13. f4 Rfe8 14. h5 h6
15. Bh4 b5 16. e5 dxe5 17. fxe5 Nd5 18. Nxc6 Rxc6 19. Nxd5 Bxh4 20. Rxh4 exd5
21. Qxd5 Rec8 22. e6 fxe6 23. Qb3 Rxc2+ 24. Kb1 R2c6 25. Re4 Qd2 26. a3 Qxg2
27. Rde1 Qc2+ 28. Qxc2 Rxc2 29. Rxe6 R2c5 30. Rh1 Kf7 31. Re3 Rf5 32. Rh2 Rcc5
33. Reh3 a5 34. Ka2 Rce5 35. Kb3 Re4 36. Rc3 Ref4 37. Rc7+ Kf6 38. Rc6+ Kf7 39.
Rc7+ Kf6 40. Rc6+ Ke5 41. Ka2 Rg5 42. Rc3 Rff5 43. Rch3 a4 44. b3 Rf4 45. bxa4
bxa4 46. Rb2 Kf5 47. Rbh2 Rgg4 48. Kb2 Kg5 49. Rc3 Rg1 50. Rc6 Kf5 51. Rd6 Rg3
52. Rc6 Rff3 53. Rc5+ Ke6 54. Rc4 Rb3+ 55. Kc2 Rxa3 56. Rhh4 Rg2+ 57. Kb1 Re3
58. Rhe4+ Rxe4 59. Rxe4+ Kf5 60. Rxa4 Kg5 61. Ra5+ Kh4 62. Kc1 Rg5 63. Ra4+
Kxh5 64. Kd2 Re5 0-1

[Event "Superettan(Vaxjo-Wasa)"]
[Site "?"]
[Date "2017.10.22"]
[Round "3"]
[White "Shirov, Alexei"]
[Black "Rydstrom, Tom"]
[Result "1/2-1/2"]
[WhiteElo "2630"]
[BlackElo "2280"]
[PlyCount "74"]

1. d4 d5 2. Bf4 Nf6 3. e3 e6 4. Nd2 c5 5. c3 Nc6 6. Ngf3 Bd6 7. Bg3 O-O 8. Bd3
b6 9. Ne5 Bb7 10. f4 Ne7 11. Qf3 Nf5 12. Bxf5 exf5 13. Bh4 Be7 14. Qh3 g6 15.
O-O-O Rc8 16. Bxf6 Bxf6 17. g4 fxg4 18. Qxg4 cxd4 19. exd4 b5 20. h4 b4 21. h5
Bxe5 22. fxe5 bxc3 23. Nb3 cxb2+ 24. Kxb2 Rc6 25. Rdf1 Qc8 26. Qg2 Ba6 27. hxg6
Bxf1 28. gxf7+ Kxf7 29. Rxf1+ Ke8 30. Rxf8+ Kxf8 31. Qxd5 Rc2+ 32. Ka3 Qa6+ 33.
Na5 Qd3+ 34. Ka4 a6 35. Qd6+ Kg8 36. Qe6+ Kg7 37. Qf6+ Kg8 1/2-1/2